000 00625nam a2200241Ia 4500
003 OSt
005 20221007082157.0
006 a|||||r|||| 00| 0
007 ta
008 221006b |||||||| |||| 00| 0 eng d
024 _a27,076
037 _cReports / Technical Reports
040 _aFLL
_cFLL
_beng
041 _2eng
_aeng
082 _aZ2qm, G5.1
110 _aGovt. of India
245 0 _aConnection of statutes relating to India
260 _c1935
300 _axvi,1-608p
_ccm.
700 _aGovt. of India
942 _hZ2qm, G5.1
_cREP
_2CC
999 _c1165574
_d1165574